Rapidité Sudden death/Mort subite - Statistiques

Statistiques générales
  • Ce quiz a été pris 120 fois
  • Le résultat moyen est 20 sur 23
Answers on the Grid
Answers color-coded by a green-red scale on the quiz's grid according to % correct below.
O
O
O
X
X
X
O
X
O
X
X
O
X
O
X
O
O
O
O
X
X
O
X
O
O
X
X
X
O
X
O
O
X
O
X
O
X
O
X
O
O
X
X
O
 
Statistiques - réponses
Réponse % Correct
O
91%
O
91%
O
88%
O
88%
O
88%
O
87%
O
87%
O
87%
O
87%
O
87%
O
86%
O
86%
O
86%
O
84%
O
83%
O
83%
O
82%
O
82%
O
82%
O
82%
O
81%
O
79%
O
79%
Aucun quiz correspondant
Distribution des résultats
% des personnes avec chaque résultat
Percentile par nombre de réponses
Votre historique - résultats
Vous n’avez pas pris ce quiz